| 000 | 00478nam a2200181Ia 4500 | ||
|---|---|---|---|
| 008 | 240925s9999 xx 000 0 und d | ||
| 020 | _a089871026x | ||
| 082 | _a511.5 ROB | ||
| 100 | _aRobert, F .S | ||
| 245 | 0 | _aGraph Theory and its Applications to Problems of Society | |
| 250 | _aNA | ||
| 260 |
_aPhiladelphia: _bSIAM _c,1977. |
||
| 300 |
_axxvi,870p. _bNA _fPhotocopy |
||
| 500 | _aNA | ||
| 600 | _aHumanities & Natural Science | ||
| 650 | _aMathematics | ||
| 942 | _cBK | ||
| 999 |
_c8896 _d8896 |
||